[Event "Swedish Elitserien 2021-22"]
[Site "Sodertalje"]
[Date "2022.05.13"]
[Round "7.29"]
[White "Seo, Jung Min"]
[Black "Mauritsson, Sebastian"]
[Result "1-0"]
[WhiteElo "2483"]
[BlackElo "2386"]
[Annotator "TA"]
[PlyCount "79"]
[EventDate "2022.05.13"]
[EventType "team-tourn"]
[EventCountry "SWE"]
[SourceTitle "playchess.com"]
[Source "ChessBase"]
[SourceQuality "1"]

{[%evp 13,79,32,31,18,21,16,21,24,22,23,22,21,30,30,23,29,22,35,37,20,25,0,0,0,1,0,35,0,0,0,0,0,52,53,51,64,52,61,51,37,43,39,39,47,42,44,52,50,73,78,74,78,191,186,181,175,182,106,1365,1332,1237,1229,29995,29996,29996,29997,29997,29998]} 1. d4 {[%emt 0:00:03]} d5 {[%emt 0:00:11]} 2. c4 {[%emt 0:00:04]} c6 {[%emt 0:00:04]} 3. Nf3 {[%emt 0:00:15]} Nf6 {[%emt 0:00:05]} 4. e3 {[%emt 0:00:11]} Bg4 {[%emt 0:00:06]} 5. h3 {[%emt 0:00:59]} Bh5 {[%emt 0:00:07]} 6. Nc3 {[%emt 0:00:10]} e6 {[%emt 0:00:11]} 7. g4 {[%emt 0:00:17]} Bg6 {[%emt 0:00:07]} 8. Ne5 {[%emt 0:00:03] D11: Slav Defence: 3 Nf3 sidelines and 3...Nf6 4 e3 Bg4.} Nbd7 {[%emt 0:00:16]} 9. Nxg6 {[%emt 0:00:05]} hxg6 {[%emt 0:00:08]} 10. g5 {[%emt 0:01:41] The position is equal.} Ne4 {[%emt 0:00:07]} 11. Nxe4 {[%emt 0:00:30]} dxe4 {[%emt 0:00:04]} 12. h4 {[%emt 0:00:13]} Qa5+ {[%emt 0:02:30]} 13. Bd2 {[%emt 0:00:41]} Bb4 {[%emt 0:00:01][%cal Od7e5]} 14. a3 {[%emt 0:02:03]} Bxd2+ {[%emt 0:00:02]} 15. Qxd2 {[%emt 0:00:04]} Qxd2+ {[%emt 0:00:09]} 16. Kxd2 {[%emt 0:00:01]} f5 {[%emt 0:00:11]} 17. Be2 {[%emt 0:10:07]} Ke7 {[%emt 0:38:37]} 18. b4 {[%emt 0:07:41]} Rad8 {[%emt 0:10:07]} 19. Kc3 {[%emt 0:03:03]} e5 {[%emt 0:00:27] [#]} 20. Rad1 $146 {[%emt 0:02:16]} ({Predecessor:} 20. c5 exd4+ 21. exd4 Nf8 22. Bc4 Ne6 23. d5 cxd5 24. Bb3 d4+ 25. Kc4 d3 26. Ba4 {0-1 (38) Maevsky,N (2337)-Nesterov,A (2483) Chess.com INT 2021}) 20... exd4+ {[%emt 0:01:28]} 21. exd4 {[%emt 0:00:38]} Nf8 {[%emt 0:01:26]} 22. f3 {[%emt 0:01:05] Hoping for fxe4.} e3 {[%emt 0:08:27]} (22... Ne6 $1 $11) 23. Kd3 $14 {[%emt 0:00:09]} f4 {[%emt 0:00:45]} 24. Ke4 {[%emt 0:00:22]} Ne6 {[%emt 0:00:16]} 25. d5 {[%emt 0:06:55]} cxd5+ {[%emt 0:00:15]} 26. cxd5 {[%emt 0:00:08]} Nc7 {[%emt 0:00:33]} 27. Rc1 $36 {[%emt 0:05:26][%mdl 2048] White has some pressure.} Kd6 {[%emt 0:04:31]} 28. Kxf4 {[%emt 0:00:04] Chess con chili.} Nxd5+ {[%emt 0:03:30]} 29. Kg3 {[%emt 0:00:21]} Rc8 $1 {[%emt 0:06:43]} 30. f4 {[%emt 0:02:39]} Nc3 {[%emt 0:03:32] Inhibits Rcd1+.} 31. Bd3 {[%emt 0:04:19]} Kd5 {[%emt 0:05:33] [#] Threatens to win with ...Kd4.} 32. Kf3 {[%emt 0:00:10]} Kd4 {[%emt 0:01:13]} (32... e2 $16 {was called for.}) 33. Bxg6 $18 {[%emt 0:00:39]} Rc6 {[%emt 0:00:34]} 34. h5 {[%emt 0:01:50] Black must now prevent Rhe1.} e2 {[%emt 0:03:16]} 35. f5 {[%emt 0:01:53]} ({White should try} 35. Rhe1 $18) 35... Ra6 $2 {[%emt 0:02:32][%mdl 8192] Black cannot hold the game after this.} (35... Ke5 $16) 36. Rh4+ {[%emt 0:08:12]} Ke5 {[%emt 0:04:12]} 37. Rxc3 {[%emt 0:00:23] [#] Threatening mate with Rc5+.} e1=Q {[%emt 0:02:32]} 38. Rc5+ {[%emt 0:00:06] White mates.} Kd6 {[%emt 0:00:14]} 39. Rd4+ {[%emt 0:00:03]} Ke7 {[%emt 0:00:15]} 40. Rc7+ {[%emt 0:00:15] Weighted Error Value: White=0.05 (flawless) /Black=0.40} 1-0

[Event "Swedish Elitserien 2021-22"]
[Site "Sodertalje"]
[Date "2022.05.13"]
[Round "7.30"]
[White "Ahlander, Bjorn"]
[Black "Hedman, Erik"]
[Result "1-0"]
[WhiteElo "2375"]
[BlackElo "2333"]
[Annotator "TA"]
[PlyCount "73"]
[EventDate "2022.05.13"]
[EventType "team-tourn"]
[EventCountry "SWE"]
[SourceTitle "playchess.com"]
[Source "ChessBase"]
[SourceQuality "1"]

{[%evp 23,73,58,59,50,82,54,71,41,57,62,68,70,56,66,72,22,61,79,66,42,100,43,114,52,333,335,302,57,323,311,626,620,955,952,1018,1022,1017,997,983,991,901,881,827,722,2681,2394,29987,29982,29990,29991,29991,29992]} 1. d4 Nf6 {[%emt 0:00:08]} 2. c4 {[%emt 0:00:04]} g6 {[%emt 0:00:06]} 3. Nc3 {[%emt 0:00:05]} Bg7 {[%emt 0:00:05]} 4. e4 {[%emt 0:00:30]} d6 {[%emt 0:00:06]} 5. Nf3 {[%emt 0:01:13][%cal Bg1f3,Bf3e1,Be1d3,Bd3f2][%mdl 32]} O-O {[%emt 0:00:11]} 6. Be2 {[%emt 0:00:05]} e5 {[%emt 0:00:50]} 7. O-O {[%emt 0:00:11]} Nc6 {[%emt 0:00:46]} 8. d5 {[%emt 0:00:42]} Ne7 {[%emt 0:00:06]} 9. Ne1 {[%emt 0:00:06]} Nd7 {[%emt 0:00:05]} 10. Nd3 {[%emt 0:00:21]} f5 {[%emt 0:00:38]} 11. f3 {[%emt 0:00:34]} f4 {[%emt 0:02:03]} 12. b4 {[%emt 0:01:59] is now debated instead of 12.Bd2.} g5 {[%emt 0:01:04]} 13. a4 {[%emt 0:02:49] E99: King's Indian: Classical Main Line: 9 Ne1 Nd7 10 f3 f5.} Nf6 {[%emt 0:01:50]} 14. a5 {[%emt 0:01:00]} h5 {[%emt 0:02:10]} 15. Nf2 {[%emt 0:00:39] White is better.} Bh6 {[%emt 0:10:25]} 16. c5 {[%emt 0:02:24]} Rf7 {[%emt 0:05:28] [#]} 17. h3 $146 {[%emt 0:07:02]} ({Predecessor:} 17. Kh1 Rg7 18. Rg1 g4 19. g3 gxf3 20. Bxf3 Ng4 21. Bxg4 hxg4 22. gxf4 exf4 23. Nxg4 Bxg4 24. Rxg4 {0-1 (35) Lee,J (2404)-Rahul,S (2430) Paracin 2019}) 17... Rg7 {[%emt 0:15:35]} 18. Ra3 {[%emt 0:01:23]} Kh7 {[%emt 0:11:15]} 19. a6 {[%emt 0:07:45]} (19. b5 $16) 19... b6 {[%emt 0:18:40]} 20. Nb5 {[%emt 0:02:07]} g4 {[%emt 0:06:02]} 21. fxg4 {[%emt 0:00:59] White is more active.} hxg4 {[%emt 0:00:50] White stays focused until the end.} (21... Ng6 $1 $14) 22. hxg4 {[%emt 0:00:38]} (22. Nxg4 $16 Nxg4 23. hxg4) 22... Bg5 {[%emt 0:09:33] [#]} (22... Kg8 $1 $14) 23. Qc2 {[%emt 0:01:24]} (23. Nd4 $1 $16 {[%mdl 512]}) 23... Bh4 $2 {[%emt 0:06:05][%mdl 8192]} ({Better is} 23... Ng6 $1 $14) 24. cxd6 $18 {[%emt 0:26:40]} (24. Rh3 Ng6 $14) 24... cxd6 {[%emt 0:00:12] [#]} 25. Nc7 $2 {[%emt 0:00:39]} ({Stronger than} 25. Rh3 Ng6 $11) ({White has to play} 25. Bxf4 $1 $18 {[%mdl 512] aiming for Bd2.} exf4 26. e5+ Kg8 27. exf6 Bxf6 28. Qc7 Qxc7 29. Nxc7) 25... Bxf2+ $2 {[%emt 0:01:05][%mdl 8192]} (25... Rb8 $1 $14) 26. Rxf2 {[%emt 0:00:16]} ({Weaker is} 26. Kxf2 Rb8 $16) 26... Rb8 {[%emt 0:01:30] [#]} (26... Nxg4 27. Bxg4 Bxg4) 27. Bxf4 $1 {[%emt 0:08:06][%mdl 512]} exf4 {[%emt 0:03:14]} (27... Nxg4 28. Rh3+) 28. e5+ $1 {[%emt 0:01:31][%mdl 64] Discovered Attack} Ng6 {[%emt 0:00:04]} 29. exf6 {[%emt 0:00:48]} ({Not} 29. Ne6 Bxe6 30. exf6 Qxf6 $16) 29... Qxf6 {[%emt 0:02:02]} 30. Ne8 {[%emt 0:01:25][%csl LRf6,LRg7]} Qe7 {[%emt 0:00:22]} 31. Rh3+ {[%emt 0:04:18]} Kg8 {[%emt 0:00:06]} 32. Nxg7 {[%emt 0:00:11]} Qxg7 {[%emt 0:00:38]} 33. Bd3 {[%emt 0:03:58]} Qa1+ {[%emt 0:01:53]} 34. Kh2 {[%emt 0:03:45]} Ne5 {[%emt 0:00:12]} 35. Be2 {[%emt 0:00:49] White mates.} Qd4 {[%emt 0:01:12]} 36. Qh7+ {[%emt 0:00:55]} Kf8 {[%emt 0:00:23]} 37. Qh8+ {[%emt 0:00:55] Weighted Error Value: White=0.26 (precise) /Black=1.11} 1-0

[Event "Swedish Elitserien 2021-22"]
[Site "Sodertalje"]
[Date "2022.05.13"]
[Round "7.31"]
[White "Trost, Edvin"]
[Black "Dragicevic, Drazen"]
[Result "1/2-1/2"]
[WhiteElo "2366"]
[BlackElo "2345"]
[Annotator "TA"]
[PlyCount "78"]
[EventDate "2022.05.13"]
[EventType "team-tourn"]
[EventCountry "SWE"]
[SourceTitle "playchess.com"]
[Source "ChessBase"]
[SourceQuality "1"]

{[%evp 9,78,35,37,29,39,34,32,24,40,20,32,0,0,0,12,0,0,0,11,0,0,0,75,2,12,0,20,-36,6,6,19,0,10,8,12,13,74,0,0,-184,-182,-183,0,0,0,0,0,0,0,0,0,0,35,30,76,52,83,0,25,0,0,0,0,0,0,0,0,0,0,0,0]} 1. d4 {[%emt 0:00:04] Krasenkow,Michal} d5 {[%emt 0:00:34]} 2. c4 {[%emt 0:00:06]} e6 {[%emt 0:00:06]} 3. Nf3 {[%emt 0:00:04]} a6 {[%emt 0:02:49]} 4. Bg5 {[%emt 0:01:10]} Be7 {[%emt 0:06:35]} 5. Bxe7 {[%emt 0:00:07]} Nxe7 {[%emt 0:00:59]} 6. Nbd2 {[%emt 0:00:28] D30: Queen's Gambit Declined: Systems without Nc3.} O-O {[%emt 0:07:23]} 7. g3 {[%emt 0:00:31]} Nd7 {[%emt 0:23:25]} 8. Bg2 {[%emt 0:00:43] White is slightly better.} c5 {[%emt 0:05:13]} 9. Rc1 {[%emt 0:02:26]} cxd4 {[%emt 0:07:35] [#]} 10. Nxd4 $146 {[%emt 0:08:46]} ({Predecessor:} 10. cxd5 Nxd5 11. Nxd4 N7f6 12. O-O e5 13. N4b3 Qe7 14. Ne4 Rd8 15. Nxf6+ Nxf6 16. Qc2 {1-0 (50) Nguyen,T (2577)-Grandelius,N (2670) Tornelo INT 2021 CBM 202 Extra [Krasenkow,Michal]}) 10... e5 {[%emt 0:03:17]} 11. Nc2 {[%emt 0:01:18]} Nf6 {[%emt 0:02:57]} 12. cxd5 {[%emt 0:01:40]} Nexd5 {[%emt 0:01:31]} 13. O-O {[%emt 0:01:11]} Qe7 {[%emt 0:01:57]} 14. Nc4 {[%emt 0:06:41]} Rd8 {[%emt 0:00:36][%cal Od5b6]} 15. Qe1 {[%emt 0:01:18]} Bg4 {[%emt 0:08:58]} (15... e4 $11) 16. N2e3 {[%emt 0:15:43]} (16. e4 $1 $16 {[%cal Re4d5]} Rac8 17. b3) 16... Be6 {[%emt 0:07:34]} 17. Qa5 {[%emt 0:13:23]} Rac8 {[%emt 0:05:42]} 18. Rcd1 {[%emt 0:06:07]} ({White should play} 18. Nxd5 $11 Bxd5 19. Ne3 Bxg2 20. Kxg2) 18... Nxe3 {[%emt 0:05:02]} 19. Nxe3 {[%emt 0:00:10]} e4 {[%emt 0:02:16]} 20. Qe5 {[%emt 0:10:15]} Rxd1 {[%emt 0:03:37]} 21. Rxd1 {[%emt 0:00:25]} Qb4 {[%emt 0:00:13]} 22. a3 {[%emt 0:03:04]} Qb3 {[%emt 0:01:26]} (22... Qb6 $11 {remains equal.}) 23. Rd4 {[%emt 0:02:34]} (23. Bxe4 Nxe4 24. Qxe4 Qxb2 $11) (23. Rd2 $16) 23... h6 $11 {[%emt 0:01:03]} 24. Rb4 $2 {[%emt 0:10:50]} (24. h4 $11 {and White is okay.}) 24... Rc1+ $1 $19 {[%emt 0:00:08]} 25. Bf1 {[%emt 0:02:47] [#]} Qxe3 {[%emt 0:00:58][%mdl 512]} 26. fxe3 $11 {[%emt 0:02:28]} (26. Qb8+ Kh7) 26... Bh3 {[%emt 0:00:01][%csl Gh3][%cal Rc1f1]} 27. Qb8+ {[%emt 0:00:29]} Kh7 {[%emt 0:00:06][%csl Gh3][%cal Rc1f1]} 28. Qf4 {[%emt 0:00:03][%cal Ob4b7]} Nd5 $1 {[%emt 0:00:18]} 29. Rc4 {[%emt 0:05:16]} Rxc4 {[%emt 0:01:51]} ({Don't do} 29... Rxf1+ 30. Qxf1 Bxf1 31. Rd4 $16) 30. Qh4 ({Avoid the trap} 30. Qxf7 $2 Rc1 31. g4 Nxe3 $19) 30... Bxf1 {[%emt 0:00:28]} (30... Rc1 $5 31. Qxh3 Nxe3 $11) 31. Kxf1 Nxe3+ {[%emt 0:00:34][%mdl 4096] Endgame [#] KQ-KRN} (31... g5 $11 {is superior.} 32. Qh3 Nxe3+ 33. Ke1 Kg6) 32. Kf2 $1 $16 {[%emt 0:01:45]} Ng4+ {[%emt 0:00:07] [#]} 33. Kg2 {[%emt 0:01:26]} ({Much worse is} 33. Qxg4 $6 e3+ 34. Kf3 Rxg4 35. Kxg4 Kg6 $11) ({White should try} 33. Ke1 $1 $16 f5 34. Qd8) 33... Nf6 {[%emt 0:00:28]} 34. Qf4 {[%emt 0:00:21]} (34. g4 $5 {[%cal Rg4g5]}) 34... Rc2 {[%emt 0:00:42][%csl LRb2,LRe2] The position is equal.} 35. Kh3 {[%emt 0:01:07]} Rxe2 {[%emt 0:00:31]} 36. Qf5+ {[%emt 0:00:07]} Kg8 {[%emt 0:00:21] And now ...h5 would win.} 37. Qc8+ {[%emt 0:00:06]} Kh7 {[%emt 0:00:05] Threatens to win with ...h5.} 38. Qf5+ {[%emt 0:00:03]} Kg8 {[%emt 0:00:52]} 39. Qc8+ {[%emt 0:00:08]} Kh7 {[%emt 0:00:03] Weighted Error Value: White=0.29 (precise) /Black=0.20 (precise)} 1/2-1/2

[Event "Swedish Elitserien 2021-22"]
[Site "Sodertalje"]
[Date "2022.05.13"]
[Round "7.32"]
[White "Jogstad, Martin"]
[Black "Kenneskog, Theodor"]
[Result "1-0"]
[WhiteElo "2351"]
[BlackElo "2296"]
[Annotator "TA"]
[PlyCount "105"]
[EventDate "2022.05.13"]
[EventType "team-tourn"]
[EventCountry "SWE"]
[SourceTitle "playchess.com"]
[Source "ChessBase"]
[SourceQuality "1"]

{[%evp 15,105,12,36,35,30,-7,54,56,42,62,60,60,57,61,62,57,60,56,45,51,57,70,70,0,40,40,51,51,48,31,26,17,10,0,0,0,0,0,0,0,0,0,0,4,64,68,137,94,137,137,137,137,137,137,384,383,716,708,1050,916,766,618,1445,1442,1314,1162,10474,6569,11551,11010,6617,6601,5439,4629,29959,29962,5675,6613,29973,29975,29974,29975,29973,29974,29980,29981,29981,29982,29983,29984,29984,29985]} 1. d4 {[%emt 0:00:18]} Nf6 {[%emt 0:00:06]} 2. c4 {[%emt 0:02:23]} e6 {[%emt 0:00:14]} 3. g3 {[%emt 0:01:06]} d5 {[%emt 0:00:14]} 4. Bg2 {[%emt 0:00:21]} dxc4 {[%emt 0:00:32]} 5. Qa4+ {[%emt 0:00:05]} Nbd7 {[%emt 0:03:09]} 6. Qxc4 {[%emt 0:02:03]} c5 {[%emt 0:02:19]} 7. Nf3 {[%emt 0:04:22]} a6 {[%emt 0:02:23]} 8. Qc2 {[%emt 0:00:02]} b5 {[%emt 0:14:11]} 9. Ne5 {[%emt 0:00:31] E03: Open Catalan: 5 Qa4+ Nbd7 6 Qxc4.} Nd5 $1 {[%emt 0:01:01]} 10. Nc3 {[%emt 0:35:27] [#]} Bb7 $146 {[%emt 0:14:46]} (10... Nxe5 $11 11. dxe5 Bb7) ({Predecessor:} 10... Nxe5 11. Nxd5 exd5 12. dxe5 Bb7 13. O-O Be7 14. Rd1 Qd7 15. f4 d4 16. e3 O-O 17. exd4 cxd4 {0-1 (32) Tica,S (2419)-Kuljasevic,D (2550) Mali Losinj 2019}) 11. Nxd5 $1 $14 {[%emt 0:00:39][%cal Oc1g5] [#] Black must now prevent Bg5! White is slightly better.} Nxe5 {[%emt 0:03:13]} 12. Nf6+ {[%emt 0:04:40]} gxf6 {[%emt 0:00:03]} 13. Bxb7 {[%emt 0:00:18]} cxd4 {[%emt 0:04:35]} 14. Bc6+ {[%emt 0:08:19]} Nxc6 {[%emt 0:00:06]} 15. Qxc6+ {[%emt 0:00:05]} Ke7 {[%emt 0:00:03]} 16. Bd2 {[%emt 0:00:42][%mdl 1024] [#] Threatening mate with Bb4+. White has compensation.} Qd5 $1 {[%emt 0:12:30]} 17. Bb4+ {[%emt 0:07:20]} Kd8 {[%emt 0:00:04]} 18. Ba5+ {[%emt 0:00:51]} Ke7 {[%emt 0:00:02]} 19. Bb4+ {[%emt 0:03:42]} Kd8 {[%emt 0:00:02]} 20. Qxd5+ {[%emt 0:00:37]} exd5 {[%emt 0:00:02]} 21. Bxf8 {[%emt 0:00:18]} Rxf8 {[%emt 0:00:04][%mdl 4096] Endgame KRR-KRR} 22. Kd2 {[%emt 0:11:35]} Rc8 {[%emt 0:04:38]} 23. Rac1 {[%emt 0:02:34]} Kd7 {[%emt 0:09:02]} 24. Kd3 {[%emt 0:00:25]} Rfe8 {[%emt 0:01:00]} 25. Rhd1 {[%emt 0:01:02]} Kd6 {[%emt 0:07:03]} 26. Rxc8 {[%emt 0:01:01]} Rxc8 $11 {[%emt 0:00:03] KR-KR} 27. Rd2 {[%emt 0:00:37]} Ke5 {[%emt 0:09:59]} 28. f4+ {[%emt 0:05:32]} Kf5 {[%emt 0:00:27]} 29. Kxd4 {[%emt 0:00:07]} Kg4 {[%emt 0:00:22]} (29... a5 $11) 30. Ke3 $1 $14 {[%emt 0:00:18]} h5 {[%emt 0:05:58]} (30... Rd8 $14) 31. Kf2 {[%emt 0:03:49]} h4 {[%emt 0:00:59]} 32. Rxd5 {[%emt 0:03:12] Hoping for Rd6.} hxg3+ {[%emt 0:00:29]} 33. hxg3 {[%emt 0:00:04] aiming for Rd6.} Rc2 {[%emt 0:00:04]} 34. Rd6 {[%emt 0:00:58][%csl LRa6,LRf6]} a5 {[%emt 0:00:40] This costs Black the game.} (34... Kf5 $16 35. Rxa6 Rxb2) 35. Rxf6 {[%emt 0:01:05]} Rxb2 $2 {[%emt 0:00:12]} (35... Rc7 36. Rh6 Rc4 37. Rh4+ Kf5 38. Rh5+ Ke6 39. Rxb5 a4) 36. Rxf7 $18 {[%emt 0:00:06]} a4 {[%emt 0:02:46]} 37. a3 {[%emt 0:00:41]} Rb3 {[%emt 0:00:32]} 38. Re7 {[%emt 0:01:28]} Kf5 {[%emt 0:04:59]} 39. Re5+ {[%emt 0:00:29]} Kf6 {[%emt 0:00:04]} 40. e3 {[%emt 0:00:30]} Rxa3 {[%emt 0:00:55]} 41. Rxb5 {[%emt 0:00:17]} Ra1 42. Ra5 {[%emt 0:06:25]} a3 {[%emt 0:00:26]} 43. Kf3 {[%emt 0:00:22]} a2 {[%emt 0:00:11]} 44. Ke4 {[%emt 0:00:20]} Rg1 {[%emt 0:05:25]} 45. Rxa2 {[%emt 0:00:46]} Rxg3 {[%emt 0:00:04]} 46. Ra6+ {[%emt 0:00:04]} Ke7 {[%emt 0:00:05]} 47. f5 {[%emt 0:00:21][%cal Bf4f5,Bf5f6][%mdl 32] White mates.} Rh3 {[%emt 0:01:51]} 48. Kf4 {[%emt 0:00:06]} Rh4+ {[%emt 0:01:14]} 49. Ke5 {[%emt 0:00:05]} Rb4 {[%emt 0:00:05]} 50. Ra7+ {[%emt 0:00:04]} Kf8 {[%emt 0:00:09]} 51. e4 {[%emt 0:00:13]} Ke8 {[%emt 0:00:19]} 52. f6 {[%emt 0:00:16]} Kf8 {[%emt 0:01:09]} 53. Kf5 {[%emt 0:00:06] Weighted Error Value: White=0.08 (flawless) /Black=0.29 (precise)} 1-0

[Event "Swedish Elitserien 2021-22"]
[Site "Sodertalje"]
[Date "2022.05.13"]
[Round "7.33"]
[White "Pantzar, Milton"]
[Black "Johansson, Linus"]
[Result "1-0"]
[WhiteElo "2434"]
[BlackElo "2451"]
[Annotator "TA"]
[PlyCount "91"]
[EventDate "2022.05.13"]
[EventType "team-tourn"]
[EventCountry "SWE"]
[SourceTitle "playchess.com"]
[Source "ChessBase"]
[SourceQuality "1"]

{[%evp 25,91,0,0,-11,28,27,32,25,41,52,51,46,56,59,58,28,89,19,9,0,0,0,0,0,0,0,16,14,20,16,48,28,39,16,10,2,1,6,79,83,262,256,247,216,320,277,277,277,277,273,356,343,532,525,481,469,804,789,866,866,916,895,896,862,4141,2727,29992,29993]} 1. d4 Nf6 {[%emt 0:00:06]} 2. c4 {[%emt 0:00:13]} e6 {[%emt 0:00:04]} 3. Nf3 {[%emt 0:00:44]} b6 {[%emt 0:01:33]} 4. a3 {[%emt 0:01:57]} Bb7 {[%emt 0:00:16]} 5. Nc3 {[%emt 0:00:12]} d5 {[%emt 0:00:05]} 6. cxd5 {[%emt 0:00:39]} exd5 {[%emt 0:00:57]} 7. Bg5 {[%emt 0:01:55]} Be7 {[%emt 0:00:55]} 8. e3 {[%emt 0:01:01]} O-O {[%emt 0:00:06]} 9. Bd3 {[%emt 0:05:41]} Nbd7 {[%emt 0:00:45]} 10. O-O {[%emt 0:02:00]} h6 {[%emt 0:03:03]} 11. Bh4 {[%emt 0:02:36]} Ne4 {[%emt 0:00:17]} 12. Bxe7 {[%emt 0:04:46]} Qxe7 {[%emt 0:00:07]} 13. Rc1 {[%emt 0:00:37]} c5 {[%emt 0:00:30]} 14. dxc5 {[%emt 0:13:45] E12: Queen's Indian: Unusual White 4th moves, 4 a3, 4 Nc3 Bb7 5 a3 and 4 Nc3 Bb7 .} Ndxc5 {[%emt 0:05:02]} 15. Nd4 {[%emt 0:06:33] [#]} a5 $146 {[%emt 0:08:15]} ({Predecessor:} 15... Rac8 16. Be2 Ne6 17. Ndb5 a6 18. Nxe4 dxe4 19. Qd6 Qd8 20. Rxc8 Bxc8 21. Qxd8 Rxd8 {1-0 (64) Shemeakin,A (2266)-Ilandzis,S (2168) Marianske Lazne 2017}) 16. Bb1 {[%emt 0:05:48] White is slightly better.} a4 {[%emt 0:01:33]} 17. Qh5 {[%emt 0:06:01]} Rfd8 {[%emt 0:02:36]} 18. Rfd1 {[%emt 0:00:49]} Rac8 {[%emt 0:05:17]} 19. Ba2 {[%emt 0:03:20]} Nf6 {[%emt 0:05:43]} 20. Qh4 {[%emt 0:02:51]} Kf8 {[%emt 0:07:53] [#]} (20... Nce4 $11) 21. Nf3 {[%emt 0:04:51]} ({White has to play} 21. h3 $1 $16) 21... Nce4 $132 {[%emt 0:10:04][%mdl 2048] Black is not keeping still} 22. Nxa4 {[%emt 0:05:29]} b5 {[%emt 0:00:45] aiming for ...Rxc1.} 23. Nc3 {[%emt 0:01:53]} Nxc3 {[%emt 0:00:17]} 24. Rxc3 {[%emt 0:04:13]} Rxc3 {[%emt 0:00:33]} 25. bxc3 {[%emt 0:00:06]} Ra8 {[%emt 0:08:43]} 26. Bb1 {[%emt 0:09:16]} Rxa3 {[%emt 0:04:01]} 27. Qd4 {[%emt 0:00:57]} (27. Nd4 {with more complications.} Qc5 28. Qf4 Rxc3 29. Qb8+) 27... Nd7 {[%emt 0:04:12][%cal Bf6d7,Bd7c5,Bc5e6][%mdl 32]} 28. h3 {[%emt 0:04:25]} Nc5 {[%emt 0:08:14]} 29. Bc2 {[%emt 0:03:49]} Ne6 {[%emt 0:01:38]} 30. Qd3 {[%emt 0:02:24]} Qc5 {[%emt 0:02:43]} 31. Ne5 {[%emt 0:03:41] Strongly threatening Nd7+.} Bc8 {[%emt 0:04:06] Prevents Nd7+.} (31... Qxc3 $11 32. Qf5 Qc7) 32. Qf5 $16 {[%emt 0:01:11][%csl Ge5][%cal Rf5f7]} ({Reject} 32. Qxd5 $6 Qxd5 33. Rxd5 Rxc3 $11) 32... Ra7 {[%emt 0:11:15] [#] A mistake that costs the game.} (32... Ng5 $16 33. Nd7+ (33. Qd7 Bxd7 34. Nxd7+ Ke7 $14) 33... Bxd7 34. Qxd7 g6) 33. Rxd5 $3 $18 {[%emt 0:00:24][%mdl 512]} Qxc3 {[%emt 0:00:07]} 34. Rd6 {[%emt 0:00:50] Active counter play!} ({Much less strong is} 34. Rxb5 $6 Nd4 35. Ng6+ Kg8 36. Ne7+ Kf8 37. Qxc8+ Qxc8 38. Nxc8 Ra1+ 39. Rb1 Nxc2 40. Rxa1 Nxa1 $16) 34... Qc7 {[%emt 0:04:47] [#]} (34... Rc7 {might work better.}) 35. Rd7 $3 {[%emt 0:00:59][%mdl 512]} Qxd7 {[%emt 0:00:02]} 36. Nxd7+ {[%emt 0:00:07][%mdl 64] Discovered Attack} Bxd7 {[%emt 0:00:06]} 37. Bb3 {[%emt 0:00:44]} Ra8 {[%emt 0:01:42]} 38. Qd5 {[%emt 0:01:44]} Ra1+ {[%emt 0:00:18]} (38... Rd8 $142 39. f4 Be8) 39. Kh2 {[%emt 0:00:05]} Ke7 {[%emt 0:00:13]} 40. f4 {[%emt 0:00:51]} g6 {[%emt 0:00:44]} (40... Ra6 $142 41. f5 Rd6) 41. e4 {[%emt 0:03:38][%cal Be3e4,Be4f5,Bf5f6][%mdl 32]} Ra6 {[%emt 0:01:16]} 42. f5 {[%emt 0:01:45]} gxf5 {[%emt 0:00:05]} 43. exf5 {[%emt 0:00:09]} Nd8 {[%emt 0:00:04]} 44. Qe5+ {[%emt 0:01:34]} Kf8 {[%emt 0:00:06]} 45. f6 {[%emt 0:00:15]} Be6 {[%emt 0:01:42]} 46. Qc7 {[%emt 0:02:49] Weighted Error Value: White=0.12 (very precise) /Black=0.55} 1-0